01281nam a2200289 a 4500001001000000005001700010008004100027041000800068044000800076084002000084100004500104245005700149260004200206300002200248500022100270500007900491500005400570500005400624500001000678546002400688650005200712650005600764650003400820650004500854700004200899740005000941BRCA_325320190320204204.0120309s1820----enka---###---#000-0#eng-# aeng aenk a554b.R63c18201 aCervantes Saavedra, Miguel ded1547-161610aThe Life and Adventures of Don Quixote de la Mancha. aLondresbHurst Robinson and Co.c1820 a4 v.bil.c19 cm. aContenido : v.1. Primera parte. Vida de Cervantes extractada de la escrita por Mayáns. Prólogo de Cervantes. Notas. -- v.2. Texto. Notas. -- v.3. Segunda parte. Prólogo de Cervantes. Notas. -- v.4. Texto. Notas aEdición : A new Edition with Engravings from Designes by Richard Westall aEjemplar igual al anterior [553] Lúdovik Osterc aEstado físico : Recuperación física en 2008 aQM442 aTexto en : inglés14aNovela españolayÉpoca clásica, 1500-170014aLiteratura españolayÉpoca clásica, 1500-170014aNovela españolaySiglo XVII14aDon Quijote (Personaje ficticio)eNovela1 aWestall, Richardd1765-1836eGrabador0 aEl Ingenioso Hidalgo Don Quijote de la Mancha